| 000 | 01378nam a22002417a 4500 | ||
|---|---|---|---|
| 999 |
_c148468 _d148468 |
||
| 005 | 20190618130358.0 | ||
| 010 | _a1819CHHN B-726113-133 B-685341 | ||
| 020 |
_c240.00 _a9789384579500 |
||
| 035 | _aB-726113-133 | ||
| 035 | _aB-685341 | ||
| 037 | _bअनिल प्रकाशन | ||
| 082 | _aक | ||
| 100 | _aवर्मा, रामलाल | ||
| 245 |
_aनैतिकता की कहानियाँ / _cरामलाल वर्मा |
||
| 260 |
_aदिल्ली _bअनिल प्रकाशन _c2019 |
||
| 270 |
_bदिल्ली _e110007 _a2619-20, न्यू मार्किट, नई सड़क |
||
| 300 |
_a112पृ. _c22सेमी(सजिल्द) |
||
| 500 | _aAIRPORT | ||
| 500 | _aराष्ट्रपति भवन | ||
| 942 |
_2ddc _cCH _hक _mवर्मारा |
||